000 00265nam a22001217a 4500
008 170524b xxu||||| |||| 00| 0 eng d
041 _aeng
080 _215TH
_a621.3
100 _a26
101 _aIM
245 _aMACHINERY'S HANDBOOK
_cOBERG, E
942 _2udc
_cBK
999 _c14069
_d14069